| 000 | 00435nam a2200157Ia 4500 | ||
|---|---|---|---|
| 008 | 240729s9999 xx 000 0 und d | ||
| 022 | _a2699-2337 | ||
| 245 | 0 | _aJournal of Family Research | |
| 260 | _aGermany | ||
| 260 | _bUniversity of Bamberg Press | ||
| 650 | _a The family. Marriage. Woman | ||
| 650 | _aSocial Sciences | ||
| 856 | _uhttps://doaj.org/toc/92e1358f3b9545968bf41f3664ce58a2 | ||
| 942 | _2ddc | ||
| 942 | _cDOAJEJ | ||
| 999 |
_c72167 _d72167 |
||
| 945 |
_a1 _bMadushi Gamage _c1 _dMadushi Gamage |
||